000 00584nam a2200229Ia 4500
003 OSt
005 20230929141012.0
008 210210b1995 xxu||||| |||| 00| 0 eng d
020 _a0 7069 9784 0
040 _cAL
041 _aEnglish
082 _a510.2433 MONM
100 _aMONGA (G S).
_9135596
245 _aMathematics & statistics for economics.
250 _a3
260 _aND
_bVikas publishing house
_c1995
300 _a757
650 _aMaths for econometrics and management
_9135597
690 _aEconometrics
_9135598
906 _a052256
942 _2ddc
_cBK
999 _c100396
_d100396